Organisation et classification des plantes vasculaires

Gespeichert in:
Bibliographische Detailangaben
1. Verfasser: Guy Deysson
Format: Buch
Sprache:Undetermined
Veröffentlicht: Paris SEDES 1967
Schlagworte:
Tags: Tag hinzufügen
Keine Tags, Fügen Sie den ersten Tag hinzu!
Thư viện lưu trữ: Trung tâm Học liệu Trường Đại học Cần Thơ
LEADER 00452nam a2200169Ia 4500
001 CTU_8869
008 210402s9999 xx 000 0 und d
082 |a 587.012 
082 |b D531/T2 
100 |a Guy Deysson 
245 0 |a Organisation et classification des plantes vasculaires 
245 0 |c Guy Deysson 
260 |a Paris 
260 |b SEDES 
260 |c 1967 
650 |a pteridophyta 
980 |a Trung tâm Học liệu Trường Đại học Cần Thơ